Bandida - Abraham Mateo, Kelmitt, Menor Menor - Estadísticas

Estadísticas generales
  • Esta prueba ha sido intentada 23 veces
  • La puntuación promedio es 314 de 475
Estadísticas de respuestas
Letra % Correcto
A
100%
a
100%
bandida
100%
de
100%
es
100%
Es
100%
la
100%
La
100%
las
100%
Le
100%
lo
100%
mala
100%
no
100%
No
100%
que
100%
Que
100%
quien
100%
se
100%
Se
100%
100%
Si
100%
si
100%
te
100%
Te
100%
ti
100%
100%
100%
Tu
100%
tu
100%
un
100%
una
100%
y
100%
Y
100%
yo
100%
Yo
100%
100
50%
12
50%
acaba
50%
acariciar
50%
Ahí
50%
aire
50%
alguien
50%
amigas
50%
andan
50%
andas
50%
Ando
50%
Aquí
50%
baby
50%
bailas
50%
bien
50%
Bien
50%
billetes
50%
botella
50%
cacha
50%
calle
50%
con
50%
confía
50%
conoce
50%
conocías
50%
consentida
50%
controlar
50%
convierte
50%
corra
50%
corta
50%
corto
50%
crecía
50%
cuando
50%
cuerpo
50%
da
50%
dejar
50%
despacio
50%
después
50%
desvanecer
50%
digas
50%
disco
50%
edad
50%
el
50%
ella
50%
empezar
50%
en
50%
entre
50%
eres
50%
escondida
50%
ese
50%
espacio
50%
espectacular
50%
estamos
50%
estás
50%
esto
50%
flechaste
50%
foto
50%
gusta
50%
gustas
50%
Hasta
50%
ibas
50%
Ignora
50%
krippy
50%
lacio
50%
llamadas
50%
llega
50%
luces
50%
mami
50%
me
50%
Me
50%
mi
50%
mío
50%
Mojarme
50%
muchos
50%
mundo
50%
negar
50%
nena
50%
ningún
50%
noche
50%
nosotros
50%
novio
50%
pa
50%
Pasémosla
50%
pauta
50%
Pegarte
50%
Pégate
50%
pelo
50%
percocet
50%
perdidas
50%
pero
50%
Pero
50%
picky
50%
piel
50%
poco
50%
poquito
50%
poses
50%
preguntan
50%
presumir
50%
prohibida
50%
puedo
50%
puestos
50%
quede
50%
quieres
50%
quiero
50%
Quiero
50%
ready
50%
respondas
50%
roce
50%
rose
50%
sabe
50%
Salen
50%
salir
50%
sea
50%
semana
50%
Serás
50%
sin
50%
Solamente
50%
Solo
50%
solo
50%
sus
50%
tanto
50%
Tiene
50%
tiene
50%
tires
50%
todas
50%
todo
50%
tose
50%
traje
50%
Tranquila
50%
tranquila
50%
tsunami
50%
verte
50%
ves
50%
vip
50%
confundido
0%
noto
0%
oculto
0%
soltándote
0%
ya
0%
No se encontraron pruebas coincidentes
Distribución de puntuación
Porcentaje de gente con cada puntuación
Porcentaje por número respondido
Historial de tus puntuaciones
No has intentado esta prueba.